|
|
|
|
| LEADER |
00000nam0a2200000 4500 |
| 001 |
328569 |
| 005 |
20231102004056.0 |
| 035 |
|
|
|a (RuTPU)RU\TPU\book\354269
|
| 090 |
|
|
|a 328569
|
| 100 |
|
|
|a 20170220d1903 m y0rusy50 ca
|
| 101 |
0 |
|
|a rus
|
| 102 |
|
|
|a RU
|
| 105 |
|
|
|a a z 000zy
|
| 200 |
1 |
|
|a Об учреждении казенных золотосплавочных лабораторий и об изменении некоторых постановлений уставов горного и монетного
|e отдельный оттиск
|
| 210 |
|
|
|a Томск
|c Типо-литография М. Н. Кононова
|d 1903
|
| 215 |
|
|
|a 8 с.
|c ил.
|
| 300 |
|
|
|a Перепечатано из "Вестника золотопромышленности" за 1903 год
|
| 300 |
|
|
|a Текст в русской дореформенной орфографии
|
| 317 |
|
|
|5 63413507: 26//4410
|a Поступил в НТБ в 1928 г. в дар от В. И. Минаева
|
| 606 |
1 |
|
|a Горное дело
|x История
|2 stltpush
|3 (RuTPU)RU\TPU\subj\69233
|9 84200
|
| 610 |
1 |
|
|a золотые сплавы
|
| 610 |
1 |
|
|a золото
|
| 610 |
1 |
|
|a золотопромышленность
|
| 610 |
1 |
|
|a золотосплавочные лаборатории
|
| 610 |
1 |
|
|a опробовательные работы
|
| 610 |
1 |
|
|a оттиски
|
| 610 |
1 |
|
|a Коллекция Н. С. Боголюбского
|
| 675 |
|
|
|a 622
|v 4
|
| 801 |
|
1 |
|a RU
|b 63413507
|c 20170220
|
| 801 |
|
2 |
|a RU
|b 63413507
|c 20210421
|g RCR
|
| 942 |
|
|
|c BK
|